000 00378nam a22001577a 4500
003 OSt
008 240102b |||||||| |||| 00| 0 eng d
020 _a9789350147467
082 _a174 SOU
100 _aSORYAN,Ritu
245 _aUniversal Human Values and Professional Ethics
250 _a1st Ed
260 _aNew Delhi
_bKatsons
_c 2022
300 _a300
942 _2ddc
_cBK
999 _c12154
_d12154